| Tag |
First Indicator |
Second Indicator |
Subfields |
| LEADER |
00000cam a2200000Ia 4500 |
| 001 |
in00001661908 |
| 005 |
20151024122703.0 |
| 008 |
020402s2003 coua 001 0 eng d |
| 020 |
|
|
|a 0895825619
|
| 035 |
|
|
|a (OCoLC)ocm51239146
|
| 040 |
|
|
|a CGP
|c CGP
|d TXA
|d UtOrBLW
|
| 049 |
|
|
|a TXAM
|
| 090 |
|
|
|a T385
|b .S2378 2003
|
| 100 |
1 |
|
|a Saliger, Joanne.
|
| 245 |
1 |
0 |
|a Adobe illustrator 10 :
|b a step-by-step approach /
|c Joanne Saliger, Ginny McDonald.
|
| 250 |
|
|
|a 1st ed.
|
| 264 |
|
1 |
|a Englewood, Colo. :
|b Morton Pub.,
|c [2003]
|
| 264 |
|
4 |
|c ©2003
|
| 300 |
|
|
|a xx, 732 pages :
|b illustrations (some color) ;
|c 23 cm. +
|e 1 CD-ROM (4 3/4 in.).
|
| 336 |
|
|
|a text
|b txt
|2 rdacontent
|
| 337 |
|
|
|a unmediated
|b n
|2 rdamedia
|
| 338 |
|
|
|a volume
|b nc
|2 rdacarrier
|
| 500 |
|
|
|a Includes index.
|
| 538 |
|
|
|a System requirements: 180 Mb of hard drive, 128 Mb of RAM, PostScript level 2 or 3 (if you print to a PostScript printer), Power PC (G3, G4, or G4 dual), Mac OS version 9.1, 9.2, or Mac OS X version 10.1, Intel Pentium II, III, or 4, processor, Microsoft Windows 98, Windows 98 Special ed., Windows Millennium ed., Windows 2000 with service pack 2, or Windows XP.
|
| 650 |
|
0 |
|a Computer graphics.
|
| 630 |
0 |
0 |
|a Adobe Illustrator (Computer file)
|
| 700 |
1 |
|
|a McDonald, Ginny.
|
| 948 |
|
|
|a cataloged
|b h
|c 2003/1/16
|d c
|e jgreene
|f 3:04:17 pm
|
| 994 |
|
|
|a E0
|b TXA
|
| 999 |
|
|
|a MARS
|
| 999 |
f |
f |
|s 8b45b9fe-1ead-3de7-a7da-4b48a881ff6a
|i 7b2fad94-c998-3e79-95a4-df77f100df7f
|t 0
|